000 00445nam a2200181Ia 4500
001 54976
008 140505s9999 xx 000 0 und d
020 _aNA
040 _cPK-LaUMT
082 _aMAL 109
_bRUN-P
100 _aRunes, Dagobert D.
245 _aPictorial history of philosophy
_cRunes, Dagobert D.
260 _aNew York,USA:
_bBramhall House,
_c1959
300 _a406 p.
546 _aEN
650 _aPhilosophy
942 _cBK
999 _c52332
_d52332